| 000 | 01710nam a2200433 c 4500 | ||
|---|---|---|---|
| 001 | 13944 | ||
| 003 | ES-MaCES | ||
| 005 | 20150929131152.0 | ||
| 008 | 020809s2002 sp d t i000 | spa d | ||
| 017 |
_aM 28502-2002 _bDL |
||
| 020 | _a8484760472 | ||
| 035 | _aCES20020010337m | ||
| 040 |
_aES-MaCES _bspa _cES-MaCES |
||
| 041 | 1 |
_aspa _hfre _heng |
|
| 100 | 1 |
_aMaddison, Angus _917246 |
|
| 245 | 1 | 3 |
_aLa economía mundial _b: una perspectiva milenaria _cAngus Maddison ; [traducción, M. A. Roncalés] |
| 260 |
_aMadrid [etc.] _bMundi-Prensa _c2002 |
||
| 300 |
_a381 p. _c27 cm |
||
| 500 | _aTraducción de las versiones originales en inglés y francés, respectivamente: The world economy : a millennial perspective ; L'économie mondiale : une perspective millénaire | ||
| 500 | _aPrecede al tít.: Centro de Desarrollo de la Organización de Cooperación y Desarrollo Económicos | ||
| 504 | _aBibliografía: p. 363-381 | ||
| 541 | _cGratuito | ||
| 650 | 4 |
_acrecimiento económico _927094 |
|
| 650 | 4 |
_adesarrollo económico _927093 |
|
| 650 | 4 |
_aindicador económico _927073 |
|
| 650 | 4 |
_apaís desarrollado _927091 |
|
| 650 | 4 |
_apaís en desarrollo _927092 |
|
| 650 | 4 |
_a1000-1998 _931678 |
|
| 650 | 4 |
_ahistoria _927251 |
|
| 653 | 1 | 0 | _aCiencias Sociales-Políticas |
| 650 | 4 |
_927071 _aevaluación económica |
|
| 700 | 1 | 2 |
_aRoncalés, M. A. _etr. _922604 |
| 710 | 2 |
_aOrganización de Cooperación y Desarrollo Económico _bCentro de Desarrollo _94695 |
|
| 740 | 4 | 2 | _aThe world economy : a millennial perspective |
| 740 | 2 | 2 | _aL'économie mondiale : une perspective millénaire |
| 902 | _aLIB Libro | ||
| 942 |
_2CES _cBK _h7.0. |
||
| 999 |
_c13944 _d13944 |
||